MARC details
| 000 -LEADER |
| fixed length control field |
01097cam a2200217 4500 |
| 001 - CONTROL NUMBER |
| control field |
WB@3612-96 |
| 008 - FIXED-LENGTH DATA ELEMENTS--GENERAL INFORMATION |
| fixed length control field |
040804n2004 000 0 eng u |
| 035 ## - SYSTEM CONTROL NUMBER |
| System control number |
(Sirsi) u127013 |
| 245 ## - TITLE STATEMENT |
| Title |
Eurocodes |
| 260 ## - PUBLICATION, DISTRIBUTION, ETC. |
| Date of publication, distribution, etc. |
2004 |
| 490 ## - SERIES STATEMENT |
| Series statement |
Eurocodes News |
| Volume/sequential designation |
19 July 2004 (1) |
| 520 ## - SUMMARY, ETC. |
| Summary, etc. |
The Institution of Structural Engineers has published "National strategy for implementation of the structural Eurocodes: design guidance". It calls on the government to support the UK structural engineering design community during transition to the new Eurocodes in order to protect its current competitive advantage. Specific recommendations include: 50% state funding for guidance material on all other Eurocodes. The full report can be viewed at: http://www.istructe.org.uk/technical/files/eurocod es.pdf. http://www.eurocodes.co.uk/news/composite.asp?ID=7 4 |
| 590 ## - LOCAL NOTE (RLIN) |
| Local note |
WB |
| 590 ## - LOCAL NOTE (RLIN) |
| Local note |
WB |
| 650 ## - SUBJECT ADDED ENTRY--TOPICAL TERM |
| Topical term or geographic name entry element |
EUROCODES |
| 650 ## - SUBJECT ADDED ENTRY--TOPICAL TERM |
| Topical term or geographic name entry element |
CIVIL ENGINEERING |
| 650 ## - SUBJECT ADDED ENTRY--TOPICAL TERM |
| Topical term or geographic name entry element |
STRUCTURAL ENGINEERING |
| 650 ## - SUBJECT ADDED ENTRY--TOPICAL TERM |
| Topical term or geographic name entry element |
CONSTRUCTION INDUSTRY |
| 690 ## - LOCAL SUBJECT ADDED ENTRY--TOPICAL TERM (OCLC, RLIN) |
| Topical term or geographic name as entry element |
BUILDING AND CONSTRUCTION-REGULATION AND CONTROL |
| 942 ## - ADDED ENTRY ELEMENTS (KOHA) |
| Suppress in OPAC |
0 |